Derecho comercial. Actos de comercio. Noción general de empresa individual y colectiva
Salvato in:
| Autore principale: | |
|---|---|
| Natura: | Libro |
| Lingua: | spagnolo |
| Pubblicazione: |
Santiago, Chile:
Jurídica de Chile,
2005
|
| Edizione: | Sexta edición actualizada |
| Serie: | Colección Manuales Jurídicos, 83-1
|
| Soggetti: | |
| Tags: |
Aggiungi Tag
Nessun Tag, puoi essere il primo ad aggiungerne!!
|
MARC
| LEADER | 00000nam a2200000 a 4500 | ||
|---|---|---|---|
| 001 | UCK9767 | ||
| 003 | CL-VaPUC | ||
| 005 | 20240718120632.0 | ||
| 008 | 060531e20050000CL |||||||||||||||||spa|d | ||
| 999 | |c 316830 |d 316828 | ||
| 020 | |a 9561016001 | ||
| 020 | |a 956101601X t.1 v.1 | ||
| 040 | |c Pontificia Universidad Católica de Valparaíso | ||
| 082 | 0 | 4 | |a 346.07 SAN 2005 |2 21 |
| 100 | 1 | |a Sandoval López, Ricardo |e autor |9 170 | |
| 245 | 1 | 0 | |a Derecho comercial. |b Actos de comercio. Noción general de empresa individual y colectiva |
| 250 | |a Sexta edición actualizada | ||
| 260 | |a Santiago, Chile: |b Jurídica de Chile, |c 2005 | ||
| 300 | |a Tomo 1, volumen 1. | ||
| 490 | 0 | |a Colección Manuales Jurídicos, 83-1 | |
| 583 | |a last modification |c 20161026 05:00:15 |k Rodrigo Vera | ||
| 650 | 0 | |a Derecho comercial chileno |9 430902 | |
| 650 | 0 | |a Actos del comercio |9 382241 | |
| 650 | 0 | |a Derecho comercial |x Comerciantes |9 890207 | |
| 650 | 0 | |a Protección al consumidor |9 255293 | |
| 650 | 0 | |a Protección a la libre competencia |9 709899 | |
| 650 | 0 | |a Empresas individuales de responsabilidad limitada |9 890205 | |
| 650 | 0 | |a Código de comercio |9 329302 | |
| 650 | 0 | |a Establecimiento de comercio |9 661185 | |
| 650 | 0 | |a Ordenamiento jurídico |9 355371 | |
| 942 | |c BK |2 ddc | ||
| 945 | |d 20060531 00:00:00 |a jtorresc | ||
| 952 | |0 0 |1 0 |4 0 |6 346_070000000000000_SAN_2005 |7 0 |8 A |9 392315 |a BIBDER |b BIBDER |d 2019-11-22 |h t.1 v.1 |i 4237145 |l 1 |o 346.07 SAN 2005 |p 4237145 |r 2023-01-25 |s 2021-12-07 |w 2019-11-22 |y BK |k DER | ||
| 952 | |0 0 |1 0 |4 0 |6 346_070000000000000_SAN_2005 |7 0 |8 A |9 392316 |a BIBDER |b BIBDER |d 2019-11-22 |h t.1 v.1 |i 4373626 |o 346.07 SAN 2005 |p 4373626 |r 2023-01-25 |w 2019-11-22 |y BK |k DER | ||
| 952 | |0 0 |1 0 |2 ddc |4 0 |6 346_070000000000000_SAN_2005 |7 0 |8 A |9 595776 |a BIBDER |b BIBDER |d 2024-07-18 |h t.I v.1 |i 4618734 |o 346.07 SAN 2005 |p 4618734 |r 2024-07-18 |w 2024-07-18 |y BK |k DER | ||